<?xml version="1.0" encoding="UTF-8"?><?xml-stylesheet type="text/xsl" href="static/style.xsl"?><OAI-PMH xmlns="http://www.openarchives.org/OAI/2.0/" xmlns:xsi="http://www.w3.org/2001/XMLSchema-instance" xsi:schemaLocation="http://www.openarchives.org/OAI/2.0/ http://www.openarchives.org/OAI/2.0/OAI-PMH.xsd"><responseDate>2026-06-04T15:59:50Z</responseDate><request verb="GetRecord" identifier="oai:riuma.uma.es:10630/44707" metadataPrefix="marc">https://riuma.uma.es/rest/oai/request</request><GetRecord><record><header><identifier>oai:riuma.uma.es:10630/44707</identifier><datestamp>2026-02-03T11:28:46Z</datestamp><setSpec>com_10630_2254</setSpec><setSpec>col_10630_37953</setSpec></header><metadata><record xmlns="http://www.loc.gov/MARC21/slim" xmlns:dcterms="http://purl.org/dc/terms/" xmlns:doc="http://www.lyncode.com/xoai" xmlns:xsi="http://www.w3.org/2001/XMLSchema-instance" xsi:schemaLocation="http://www.loc.gov/MARC21/slim http://www.loc.gov/standards/marcxml/schema/MARC21slim.xsd">
   <leader>00925njm 22002777a 4500</leader>
   <datafield ind2=" " ind1=" " tag="042">
      <subfield code="a">dc</subfield>
   </datafield>
   <datafield ind2=" " ind1=" " tag="720">
      <subfield code="a">Castaño-Frías-Lucía</subfield>
      <subfield code="e">author</subfield>
   </datafield>
   <datafield ind2=" " ind1=" " tag="720">
      <subfield code="a">Tudela-Littleton-Peralta-Carmen</subfield>
      <subfield code="e">author</subfield>
   </datafield>
   <datafield ind2=" " ind1=" " tag="720">
      <subfield code="a">Segura-Oliva-Natalia</subfield>
      <subfield code="e">author</subfield>
   </datafield>
   <datafield ind2=" " ind1=" " tag="720">
      <subfield code="a">Suárez-Arana-María</subfield>
      <subfield code="e">author</subfield>
   </datafield>
   <datafield ind2=" " ind1=" " tag="720">
      <subfield code="a">Cuenca-Marín-Celia</subfield>
      <subfield code="e">author</subfield>
   </datafield>
   <datafield ind2=" " ind1=" " tag="720">
      <subfield code="a">Jiménez-López-Jesús S.</subfield>
      <subfield code="e">author</subfield>
   </datafield>
   <datafield ind2=" " ind1=" " tag="260">
      <subfield code="c">2024-11-13</subfield>
   </datafield>
   <datafield ind2=" " ind1=" " tag="520">
      <subfield code="a">Listeria monocytogenes, a Gram-positive intracellular bacillus, causes listeriosis,
which is primarily transmitted through contaminated food and vertical transmission. The incidence
of the disease is estimated to be between one and ten cases per million globally, with pregnant
women being particularly vulnerable. Objective: The aim was to describe the clinical characteristics,
management, and outcomes of cases of gestational listeriosis at Hospital Materno Infantil de
Málaga in order to improve our understanding, diagnosis, and treatment of this disease. Methods:
A retrospective analysis of six confirmed cases of listeriosis was performed in pregnant women or
neonates. Diagnostic confirmation was achieved using analytic and microbiological methodologies,
including blood cultures and the measurement of C-reactive protein (CRP). Ethical approval was
obtained, and clinical data were reviewed for reasons related to consultation, treatment approaches,
and complications. Results: The most frequently observed symptoms were fever and abdominal
pain, with complications such as intrauterine death and suspected chorioamnionitis. Four patients
were treated with antibiotics, leading to improved outcomes. No severe complications such as
neurolisteriosis were observed. Conclusions: Pregnant women are more susceptible to L. monocytogenes,
which can cause mild maternal symptoms but severe foetal outcomes, including prematurity,
foetal death, or neonatal infections. Early diagnosis and prompt treatment are crucial for improving
maternal–foetal outcomes.</subfield>
   </datafield>
   <datafield ind1="8" ind2=" " tag="024">
      <subfield code="a">Castaño Frías L, Tudela-Littleton Peralta C, Segura Oliva N, Suárez Arana M, Cuenca Marín C, Jiménez López JS. Case Series of Listeria monocytogenes in Pregnancy: Maternal–Foetal Complications and Clinical Management in Six Cases. Microorganisms. 2024; 12(11):2306. https://doi.org/10.3390/microorganisms12112306</subfield>
   </datafield>
   <datafield ind1="8" ind2=" " tag="024">
      <subfield code="a">2076-2607</subfield>
   </datafield>
   <datafield ind1="8" ind2=" " tag="024">
      <subfield code="a">https://hdl.handle.net/10630/44707</subfield>
   </datafield>
   <datafield ind1="8" ind2=" " tag="024">
      <subfield code="a">10.3390/microorganisms12112306</subfield>
   </datafield>
   <datafield tag="653" ind2=" " ind1=" ">
      <subfield code="a">Listeriosis</subfield>
   </datafield>
   <datafield tag="653" ind2=" " ind1=" ">
      <subfield code="a">Embarazo - Complicaciones y secuelas</subfield>
   </datafield>
   <datafield ind2="0" ind1="0" tag="245">
      <subfield code="a">Case Series of Listeria monocytogenes in Pregnancy: Maternal–Foetal Complications and Clinical Management in Six Cases</subfield>
   </datafield>
</record>
</metadata></record></GetRecord></OAI-PMH>